banner-ar

TWENTY: FIVE BEST PLAYS OF THE MODERN AMERICAN THEATRE EARLY SERIES 1916 - 1929 / (Record no. 14809)

MARC details
000 -الفاتح
حقل البيانات ثابتة الطول 00546nam a2200193Ia 4500
008 - عناصر البيانات ثابتة الطول - معلومات عامة
حقل البيانات ثابتة الطول 140319s9999 xx 000 0 eng d
040 ## - مصدر الفهرسة
وكالة الفهرسة الأصلية GCL /
وكالة النسخ GCL
082 04 - رقم تصنيف ديوى العشرى
رقم التصنيف 812
رقم المادة G T
100 1# - المدخل الرئيسى - إسم شخصى
الإسم الشخصى GASSNER, JOHN
245 10 - بيان العنوان
العنوان TWENTY: FIVE BEST PLAYS OF THE MODERN AMERICAN THEATRE EARLY SERIES 1916 - 1929 /
بيان المسئوليه,etc GASSNER, JOHN
260 ## - PUBLICATION, DISTRIBUTION, ETC. (IMPRINT)
تاريخ النشر أو التوزيع 1957
300 ## - الوصف المادى
التعداد 765 P
650 04 - المدخل الاضافى بالموضوع-مصطلح موضوعى
مصطلح موضوعي LITERATURE
650 04 - المدخل الاضافى بالموضوع-مصطلح موضوعى
مصطلح موضوعي PLAY
650 04 - المدخل الاضافى بالموضوع-مصطلح موضوعى
مصطلح موضوعي AMERICAN PLAYS
650 04 - المدخل الاضافى بالموضوع-مصطلح موضوعى
مصطلح موضوعي AMERICAN LITERATURE-20THCENT.,
942 ## - عناصر المدخل الإضافي( كوها)
مصدر التصنيف او مخطط الترفيف Dewey Decimal Classification
Koha [default] item type كتاب
260 ## - PUBLICATION, DISTRIBUTION, ETC. (IMPRINT)
-- [S.N] :
-- CROWN PUBLISHERS ،
Holdings
حالة التراجع حالة الفقد حالة تلف ليس للاعارة المكان المؤقت الموقع الحالى تاريخ الاكتساب اجمالي اﻻعارات رقم الطلب الباركود تاريخ اخر مشاهدة تاريخ تفعيل السعر نوع وعاء كوها
        مكتبة القاهرة الكبرى مكتبة القاهرة الكبرى 03/26/2014   812\G T 27713 03/26/2014 03/26/2014 كتاب

Powered By

EGPV